Unit Operations of Chemical Engineering (Record no. 6134)
[ view plain ]
| 000 -LEADER | |
|---|---|
| fixed length control field | 00645nam a22002297a 4500 |
| 003 - CONTROL NUMBER IDENTIFIER | |
| control field | OSt |
| 005 - DATE AND TIME OF LATEST TRANSACTION | |
| control field | 20180925173553.0 |
| 008 - FIXED-LENGTH DATA ELEMENTS--GENERAL INFORMATION | |
| fixed length control field | 180925b xxu||||| |||| 00| 0 eng d |
| 020 ## - INTERNATIONAL STANDARD BOOK NUMBER | |
| International Standard Book Number | 9780071247108 |
| 020 ## - INTERNATIONAL STANDARD BOOK NUMBER | |
| International Standard Book Number | 0071247106 |
| 040 ## - CATALOGING SOURCE | |
| Transcribing agency | DDC |
| 082 ## - DEWEY DECIMAL CLASSIFICATION NUMBER | |
| Classification number | 660 MCC 2005 |
| 100 ## - MAIN ENTRY--PERSONAL NAME | |
| Personal name | McCabe, Warren L.; Smith, Julian C.; Harriott, Peter |
| 9 (RLIN) | 12678 |
| 245 ## - TITLE STATEMENT | |
| Title | Unit Operations of Chemical Engineering |
| 250 ## - EDITION STATEMENT | |
| Edition statement | 7th ed. |
| 260 ## - PUBLICATION, DISTRIBUTION, ETC. (IMPRINT) | |
| Place of publication, distribution, etc. | Boston; McGraw Hill, 2005 |
| 300 ## - PHYSICAL DESCRIPTION | |
| Extent | xxv,1140p; ill: 24cm |
| 504 ## - BIBLIOGRAPHY, ETC. NOTE | |
| Bibliography, etc | Appendices, & index included |
| 650 ## - SUBJECT ADDED ENTRY--TOPICAL TERM | |
| Topical term or geographic name as entry element | Chemical engineering |
| 9 (RLIN) | 4962 |
| 650 ## - SUBJECT ADDED ENTRY--TOPICAL TERM | |
| Topical term or geographic name as entry element | Unit operations |
| 9 (RLIN) | 12679 |
| 942 ## - ADDED ENTRY ELEMENTS (KOHA) | |
| Source of classification or shelving scheme | Other/Generic Classification Scheme |
| Koha item type | Short Loan |
| Withdrawn status | Lost status | Source of classification or shelving scheme | Damaged status | Not for loan | Home library | Current library | Date acquired | Source of acquisition | Inventory number | Total Checkouts | Full call number | Barcode | Date last seen | Koha item type |
|---|---|---|---|---|---|---|---|---|---|---|---|---|---|---|
| Dewey Decimal Classification | Pharmacy Department Library | Pharmacy Department Library | 25/09/2018 | 11/00126 | 660 MCC 2005 | 2018-0323 | 25/09/2018 | Short Loan | ||||||
| Dewey Decimal Classification | Pharmacy Department Library | Pharmacy Department Library | 25/09/2018 | 11/00127 | 660 MCC 2005 | 2018-0324 | 25/09/2018 | Short Loan |
